Школа начинающего педагога: формирование педагогического мастерства (Запись № 13658391)

Подробности
000 -МАРКЕР
контрольное поле 03443nam0a2200349 4500
001 - ИДЕНТИФИКАТОР ЗАПИСИ
контрольное поле RU\NLR\BIBL_A\012704427
005 - ИДЕНТИФИКАТОР ВЕРСИИ
контрольное поле 20260419172242.0
010 ## - МЕЖДУНАРОДНЫЙ СТАНДАРТНЫЙ НОМЕР КНИГИ (ISBN)
Номер (ISBN) 978-5-904756-69-7
Тираж 300
021 ## - НОМЕР ГОСУДАРСТВЕННОЙ РЕГИСТРАЦИИ
Код страны Российская Федерация
Номер КН-П-21-065048
Номер Листа государственной регистраци КН-П-21-5129
035 ## - ДРУГИЕ СИСТЕМНЫЕ НОМЕРА
Идентификатор записи (NLR Aleph) 012704427
035 ## - ДРУГИЕ СИСТЕМНЫЕ НОМЕРА
Идентификатор записи (RuMoRGB)010811545
100 ## - ДАННЫЕ ОБЩЕЙ ОБРАБОТКИ
Данные общей обработки 20220210d2021 u y0rusy50 ca
101 0# - ЯЗЫК РЕСУРСА
Язык текста, звукозаписи и т.д. русский
102 ## - СТРАНА ПУБЛИКАЦИИ ИЛИ ПРОИЗВОДСТВА
Страна публикации Российская Федерация
105 ## - ПОЛЕ КОДИРОВАННЫХ ДАННЫХ: ТЕКСТОВЫЕ МАТЕРИАЛЫ, МОНОГРАФИЧЕСКИЕ
Кодированные данные о монографическом текстовом документе y j 000zy
181 #1 - ПОЛЕ КОДИРОВАННЫХ ДАННЫХ: ВИД СОДЕРЖАНИЯ
Код вида содержания (ISBD) i
Код характеристики содержания (ISBD) e
182 #1 - ПОЛЕ КОДИРОВАННЫХ ДАННЫХ: ТИП СРЕДСТВА
Код типа средства (ISBD) n - непосредственное
200 1# - ЗАГЛАВИЕ И СВЕДЕНИЯ ОБ ОТВЕТСТВЕННОСТИ
Основное заглавие Школа начинающего педагога: формирование педагогического мастерства
Сведения, относящиеся к заглавию учебное пособие
Первые сведения об ответственности Д. В. Ольховский, Е. Л. Месенина
Последующие сведения об ответственности Филиал федерального государственного казенного военного образовательного учреждения высшего профессионального образания "Военный учебно-научный центр Военно-воздушных сил "Военно-воздушная академия имени профессора Н. Е. Жуковского и Ю. А. Гагарина" (г. Воронеж) Министерства обороны Российской Федерации в г. Челябинске
203 ## - ВИД СОДЕРЖАНИЯ И ТИП СРЕДСТВА
Вид содержания Текст
Дополнительные сведения об издании визуальный
Тип средства непосредственный
210 ## - ПУБЛИКАЦИЯ, РАСПРОСТРАНЕНИЕ И ДР.
Место издания, распространения и т.д. Челябинск
Имя издателя, распространителя и т. д. Филиал ВУНЦ ВВС "ВВА" в г. Челябинске
Дата издания, распространения и т.д. 2021
215 ## - ФИЗИЧЕСКАЯ ХАРАКТЕРИСТИКА
Специфическое обозначение материала и объем 80 с.
Другие сведения о физической характеристике табл.
Размеры 21
320 ## - ПРИМЕЧАНИЯ О НАЛИЧИИ В ДОКУМЕНТЕ БИБЛИОГРАФИИ / УКАЗАТЕЛЯ
Текст примечания Библиогр.: с. 78 (19 назв.)
330 ## - РЕЗЮМЕ ИЛИ РЕФЕРАТ
Текст примечания В учебном пособии изложены сущность образования, педагогические функции и умения, стиль педагогической деятельности, культура общения и поведения человека в обществе, основы ораторского искусства, публичная речь перед аудиторией, современные технологии обучения, основные направления методической работы преподавателей. При изложении материала авторы особое внимание уделили педагогической этике. Учебное пособие разработано в соответствии с учебной программой и тематическим планом "Школы начинающего педагога" и предназначено для научно-педагогических работников, осуществляющих подготовку (переподготовку) курсантов (слушателей) в военных вузах
606 1# - НАИМЕНОВАНИЕ ТЕМЫ КАК ПРЕДМЕТ
Наименование темы Высшие военно-учебные заведения
Формальный подзаголовок Учебные издания для высших учебных заведений
Тематический подзаголовок Профессорско-преподавательский состав
-- Педагогическое мастерство
Системный номер авторитетной/нормативной записи 2571663
Идентификатор авторитетной/нормативной записи RU\NLR\AUTH\661520724
686 1# - ИНДЕКСЫ ДРУГИХ КЛАССИФИКАЦИЙ
Индекс Ц4,6(2Р)390-4я73-1
700 #1 - ИМЯ ЛИЦА - ПЕРВИЧНАЯ ОТВЕТСТВЕННОСТЬ
Начальный элемент ввода Ольховский
Часть имени, кроме начального элемента ввода Д. В.
Расширение инициалов личного имени Дмитрий Владимирович
701 #1 - ИМЯ ЛИЦА - АЛЬТЕРНАТИВНАЯ ОТВЕТСТВЕННОСТЬ
Начальный элемент ввода Месенина
Часть имени, кроме начального элемента ввода Е. Л.
Расширение инициалов личного имени Екатерина Леонидовна
942 ## - ДОПОЛНИТЕЛЬНЫЕ ЭЛЕМЕНТЫ ЗАПИСИ (АБИС)
Тип экземпляра АБИС Книга
980 ## - КОЛЛЕКЦИЯ
Название коллекции Национальная библиография

Нет доступных экземпляров.